Most streamed songs in the 70s - Estadísticas

Estadísticas generales
  • Esta prueba ha sido intentada 36 veces
  • La puntuación promedio es 10 de 16
Estadísticas de respuestas
año Artist Streams Respuesta % Correcto
1975 Queen 2,965,656,516 Bohemian Rhapsody
91%
1976 ABBA 1,815,604,861 Dancing Queen
79%
1976 Eagles 2,033,746,537 Hotel California
70%
1978 Queen 2,482,676,514 Don't Stop Me Now
67%
1979 AC/DC 2,103,438,576 Highway To Hell
67%
1979 Kiss 1,400,898,379 I Was Made For Lovin' You
64%
1978 Earth, Wind & Fire 2,159,598,058 September
61%
1978 Dire Straits 1,614,868,615 Sultans Of Swing
61%
1974 Lynyrd Skynyrd 1,587,088,033 Sweet Home Alabama
61%
1977 Fleetwood Mac 2,397,646,738 Dreams
58%
1977 Queen 1,590,085,942 We Will Rock You
58%
1970 Creedence Clearwater Revival 2,186,883,620 Have You Ever Seen The Rain
48%
1972 Elton John 1,401,440,906 Rocket Man (I Think It's Going To Be A Long, Long Time)
48%
1977 Fleetwood Mac 1,539,508,593 The Chain
48%
1973 Aerosmith 1,476,662,555 Dream On
42%
1970 Black Sabbath 1,504,741,024 Paranoid
33%
No se encontraron pruebas coincidentes
Distribución de puntuación
Porcentaje de gente con cada puntuación
Porcentaje por número respondido
Historial de tus puntuaciones
No has intentado esta prueba.